Паисий (Запис номер 163287)
[ съкратено ]
| 000 -Лидер | |
|---|---|
| Контролно поле с фиксирана дължина | 01071nam a2200289 c 4500 |
| 003 - Код на организацията, давaща контролен номер | |
| Контролно поле | BLK |
| 005 - Дата и час на последна редакция | |
| Контролно поле | 20221027171201.0 |
| 008 - Елементи от данни с фиксирана дължина | |
| fixed length control field | 180410b bul|||||r ||||||| ||bul|| |
| 010 ## - Наследен системен номер | |
| LC control number | KNG00170693000 |
| 040 ## - Източник на каталожния запис | |
| Идентификатор на билиотеката - собственик на записа | BLK |
| 041 ## - Код за език | |
| Код за езика на текст/звукозапис или на отделно заглавие | Български |
| Код за езика КДБФ | Български |
| 080 ## - УДК | |
| Текстов определител УДК | Българска литература |
| УДК код - определител по УДК | 821.163.2 |
| УДК определител | -1 |
| УДК - код + определител | 821.163.2-1 |
| 100 1# - Редна дума - Автор | |
| Автор | Вазов, Иван Минчов |
| Авторска отговорност | първи автор |
| R(LIN) | 363396 |
| 139 ## - Редно поле | |
| Редна дума | Вазов, Иван Минчов |
| Авторски знак | Вазов, Ив. - В 15 |
| 245 10 - Сведения за заглавието | |
| Заглавие | Паисий |
| Подзаглавни данни | Поема |
| Редно поле (дума) | Иван Минчов Вазов; худож. Иван Кьосев. |
| 257 ## - Страна на издаване | |
| Страна на създаване/издаване | България |
| 260 ## - Област на издателските данни | |
| -- | София |
| Име на издателя, разпространителя и проч. | Нар. култура |
| Година на издаване | 1962 |
| 300 ## - Физическа характеристика | |
| Страници | 16 с. |
| Размери/Мащаб | 29 см |
| 380 ## - Жанр | |
| Жанр | Худож. лит. |
| 500 ## - Общи забележки | |
| Забележка | Изд. по случай 200 г. от написването на История славяноболгарская. |
| 700 1# - Други автори (авторска отговорност) | |
| Лично име | Кьосев, Иван |
| Автороска отговорност (Описва отношението между автора и произведението) | худож. |
| 9 (RLIN) | 367385 |
| 852 ## - Местоположение | |
| Форматна сигнатура | Цб ІІ 2085 |
| 856 4# - Електронен адрес и достъп | |
| Електронен формат | pdf - файл |
| Път до файла /url/ | |
| 856 4# - Електронен адрес и достъп | |
| Електронен формат | pdf - файл |
| Път до файла /url/ | |
| 942 ## - АРТИКУЛИ | |
| Вид на библиотечния материал | Книги |
| Скрит в OPAC | Не |
| Koha issues (borrowed), all copies | 1 |
| 944 ## - СЪЗДАВАНЕ И РЕДАКЦИЯ на ЗАПИСА | |
| Създаване/Редакция | Създаване |
| Дата на регистрацията/редакция | 31.01.2015 |
| Служител, извършил регистрацията/редакцията | Геновева_Генчева |
| 944 ## - СЪЗДАВАНЕ И РЕДАКЦИЯ на ЗАПИСА | |
| Създаване/Редакция | Редакция |
| Дата на регистрацията/редакция | 31.01.2015 |
| Служител, извършил регистрацията/редакцията | Геновева_Генчева |
| 999 ## - СИСТЕМНИ КОНТРОЛНИ НОМЕРА | |
| Koha biblionumber | 163287 |
| Koha biblioitemnumber | 163287 |
| Код за отписване | Код за изгубен артикул | Източник на класификационната схема | Код за повреда | Коз за рестрикции | Код за отдаване | Артикулен № | Име на библиотеката - собственик | Име на библиотеката, в която се намира в момента | Статус (Текущо местоположение) | Дата на вписване в системата | Местоположение - отдел | Цена в лева | Инвентарен номер | Систематично азбучна сигнатура | Баркод | Номер на екземпляра | Цена в евро | Служебна бележка | Служебен тип на артикула |
|---|---|---|---|---|---|---|---|---|---|---|---|---|---|---|---|---|---|---|---|
| Не е изгубен | Universal Decimal Classification | Не е повреден | без рестрикции | ползва се в читалня | 273523 | Регионална библиотека "Любен Каравелов" Русе | Регионална библиотека "Любен Каравелов" Русе | Хранилище | 1962-01-01 | Хранилище | 0.24 | 19918/62 | Цб ІІ 2085 | 900000037036 | 1 | 0.12 | Дост: Dp Вид: Д N: стар фонд Дата: 01.01.1962 | Книги | |
| Изтеглен | Не е изгубен | Universal Decimal Classification | Не е повреден | без рестрикции | ползва се в читалня | 273524 | Регионална библиотека "Любен Каравелов" Русе | Регионална библиотека "Любен Каравелов" Русе | Заемна - подръчен фонд | 1962-01-01 | Заемна - подръчен фонд | 0.00 | 18659/62 | Цб ІІ 2085 | 18659/62 | 2 | 0.00 | Дост: Pk Вид: Ф N: стар фонд Дата: 01.01.1962 | Книги |
| Изтеглен | Не е изгубен | Universal Decimal Classification | Не е повреден | без рестрикции | ползва се в читалня | 273525 | Регионална библиотека "Любен Каравелов" Русе | Регионална библиотека "Любен Каравелов" Русе | Заемна - подръчен фонд | 1962-01-01 | Заемна - подръчен фонд | 0.00 | 18660/62 | Цб ІІ 2085 | 18660/62 | 3 | 0.00 | Дост: Pk Вид: Ф N: стар фонд Дата: 01.01.1962 | Книги |
| Изтеглен | Не е изгубен | Universal Decimal Classification | Не е повреден | без рестрикции | заемане за дома | 273526 | Регионална библиотека "Любен Каравелов" Русе | Регионална библиотека "Любен Каравелов" Русе | Детски отдел | 1962-01-01 | Детски отдел | 0.24 | 18778/62 | ДХ 886.7/В 15 | 18778/62 | 4 | 0.12 | Дост: Pk Вид: Ф N: стар фонд Дата: 01.01.1962 Дата инв: 31.08.2015 Бележки инв: Д2015 | Книги |
| Изтеглен | Не е изгубен | Universal Decimal Classification | Не е повреден | без рестрикции | заемане за дома | 273527 | Регионална библиотека "Любен Каравелов" Русе | Регионална библиотека "Любен Каравелов" Русе | Детски отдел | 1962-01-01 | Детски отдел | 0.24 | 18779/62 | ДХ 886.7/В 15 | 18779/62 | 5 | 0.12 | Дост: Pk Вид: Ф N: стар фонд Дата: 01.01.1962 Дата инв: 31.08.2015 Бележки инв: Д2015 | Книги |